000 00245nam a2200097Ia 4500
001 1206253
005 20251009141511.0
008 250824s9999 xx 000 0 und d
245 0 _aHER YERDE KAN VAR
_cAYŞE KULİN
260 _bEVEREST YAYINLARI
999 _c1206253
_d1206253